Statystyki dla Składniki chemiczne człowieka

Kliknij tutaj aby rozwiązać quiz!

Ogólne statystyki

  • Ten quiz został rozwiązany 22 razy
  • Średni wynik to 3 z 6

Statystyki odpowiedzi

%Składnik% Poprawnych
65Woda
94%
18Białka
44%
10Tłuszcze
44%
1Cukry
33%
4Sole mineralne
28%
2Kwasy nukleinowe / Inne związki
11%

Rozkład punktacji

Percentyl według liczby udzielonych odpowiedzi

Procent ludzi z każdym wynikiem

Twoja historia wyników

Nie rozwiązałeś tego quizu